000 00350nam a2200145Ia 4500
008 231217s9999 xx 000 0 und d
041 _aEnglish
082 _a793.73 TOW4
100 _aTownsend, Charles Barry
245 0 _aWorld's greatest puzzles
260 _c1995
_bNew Delhi : Orient,
300 _a127
650 _aPuzzles
942 _cAA
999 _c167187
_d167187